| 000 | 00875nam a2200229 a 4500 | ||
|---|---|---|---|
| 001 | 000021827 | ||
| 003 | DO-SdBNP | ||
| 005 | 20211123113121.0 | ||
| 008 | 100913s1986 dr c 000 0 spa d | ||
| 040 |
_aDO-SdBNP _bspa _cBNPHU |
||
| 082 |
_a972.9365 _bM425s |
||
| 100 | 1 |
_aMata Olivo, Mercedes _945337 |
|
| 245 | 1 | 0 |
_aSánchez : cien años de vida municipal / _cMercedes Mata Olivo, Dulce María Olivo, Graciela Paredes R. |
| 260 |
_aSanto Domingo : _bNordeste, _c1986. |
||
| 300 |
_a144 p. : _bretrs. ; _c21 cm. |
||
| 504 | _aBibliografía : p. 143 | ||
| 650 | 4 |
_aCiudades y pueblos _zRepública Dominicana _9784 |
|
| 651 | 4 |
_aSanta Bárbara de Samaná (República Dominicana) _xHistoria local _928747 |
|
| 651 | 4 |
_aSanta Bárbara de Samaná (República Dominicana) _xVida social y costumbres _945338 |
|
| 910 | _aValidado. Control de calidad MMOLINA | ||
| 942 |
_2ddc _cLBS1 |
||
| 999 |
_c21325 _d21325 |
||